Úvahy o štruktúre dát pre sledovanie úrovne efektívnosti materiál na diskusiu

Gespeichert in:
Bibliographische Detailangaben
1. Verfasser: Tomčík, Pavol
Format: Buch
Sprache:Slowakisch
Veröffentlicht: Bratislava Výskumný ústav národohospodársky VŠE 1981
Tags: Tag hinzufügen
Keine Tags, Fügen Sie das erste Tag hinzu!

MARC

LEADER 00000nam a2200000 4500
001 c127270
005 20210820131240.3
041 0 |a slo 
044 |a SK 
245 1 0 |a Úvahy o štruktúre dát pre sledovanie úrovne efektívnosti  |b materiál na diskusiu  |c Pavol Tomčík 
264 1 |a Bratislava  |b Výskumný ústav národohospodársky VŠE  |c 1981 
300 |a 16 s. 
100 1 |a Tomčík, Pavol